书目信息 |
| 题名: |
新民主主义论
|
|
| 作者: | 毛泽东 著 | |
| 分册: | ||
| 出版信息: | 北京 人民出版社 1966 |
|
| 页数: | 147页 | |
| 开本: | 20cm | |
| 丛书名: | ||
| 单 册: | ||
| 中图分类: | A424 | |
| 科图分类: | ||
| 主题词: | 毛泽东著作--单行本--1940 , 新民主主义-毛泽东著作 | |
| 电子资源: | ||
| ISBN: | ||
| 000 | 00777nam0 2200229 45 | |
| 001 | 0176003969 | |
| 005 | 20060808090808.57 | |
| 010 | @dCNY0.29 | |
| 100 | @a19950109d1966 em y0chiy0121 ea | |
| 101 | 0 | @achi |
| 102 | @aCN@b110000 | |
| 105 | @ay z 000yy | |
| 200 | 10 | @a新民主主义论@d=在延安文艺座谈会上的讲话,关于正确处理人民内部矛盾的问题,在中国共产党全国宣传工作会议上的讲话@Axin min zhu zhu yi lun@f毛泽东著 |
| 210 | @a北京@c人民出版社@d1966 | |
| 215 | @a147页@d20cm | |
| 510 | @a在延安文艺座谈会上的讲话,关于正确处理人民内部矛盾的问题,在中国共产党全国宣传工作会议上的讲话 | |
| 606 | @a毛泽东著作@x单行本@z1940 | |
| 606 | @a新民主主义-毛泽东著作 | |
| 690 | @aA424@v3 | |
| 701 | 0 | @a毛泽东@Amao ze dong@4著 |
| 801 | 0 | @aCN@bTSSF@c20060808 |
| 905 | @a10447@dA424@e32 | |
| 新民主主义论=在延安文艺座谈会上的讲话,关于正确处理人民内部矛盾的问题,在中国共产党全国宣传工作会议上的讲话/毛泽东著.-北京:人民出版社,1966 |
| 147页;20cm |
| ←并列题名:在延安文艺座谈会上的讲话,关于正确处理人民内部矛盾的问题,在中国共产党全国宣传工作会议上的讲话 |
| ISBN :CNY0.29 |
| ● |
| 相关链接 |
|
|
|
|
正题名:新民主主义论
索取号:A424/32
 
预约/预借
| 序号 | 登录号 | 条形码 | 馆藏地/架位号 | 状态 | 备注 |
| 1 | 0447249 | 204472490 | 密集书库/ [索取号:A424/32] | 在馆 |